[Event "DEM U12 2023"]
[Site "Willingen GER"]
[Date "2023.05.28"]
[Round "1"]
[White "Zhang, Yibo"]
[Black "Aweh, Mads"]
[Result "1-0"]
[Termination "normal"]
[Board "10"]
[WhiteElo "1791"]
[BlackElo "1429"]
[WhiteClock "00:56:49"]
[BlackClock "00:01:56"]
[PlyCount "79"]
[WhiteFideId "16287657"]
[BlackFideId "34604278"]
[EventCountry "GER"]
[EventRounds "9"]
[EventType "swiss"]
[EventDate "2023.05.27"]

1. e4 {[%clk 01:30:55]  [%emt 00:00:04]} 1... c5 {[%clk 01:30:44]  [%emt
00:00:18]} 2. Nf3 {[%clk 01:31:10]  [%emt 00:00:14]} 2... Nc6 {[%clk 01:30:41] 
[%emt 00:00:34]} 3. d4 {[%clk 01:31:33]  [%emt 00:00:06]} 3... cxd4 {[%clk
01:30:35]  [%emt 00:00:36]} 4. Nxd4 {[%clk 01:31:46]  [%emt 00:00:17]} 4... Nf6
{[%clk 01:30:26]  [%emt 00:00:40]} 5. Nc3 {[%clk 01:32:05]  [%emt 00:00:10]}
5... e5 {[%clk 01:30:26]  [%emt 00:00:30]} 6. Ndb5 {[%clk 01:32:13]  [%emt
00:00:22]} 6... d6 {[%clk 01:30:33]  [%emt 00:00:23]} 7. Bg5 {[%clk 01:32:11] 
[%emt 00:00:31]} 7... a6 {[%clk 01:30:40]  [%emt 00:00:23]} 8. Na3 {[%clk
01:32:25]  [%emt 00:00:17]} 8... b5 {[%clk 01:30:14]  [%emt 00:00:56]} 9. Nd5
{[%clk 01:32:23]  [%emt 00:00:32]} 9... Be7 {[%clk 01:30:32]  [%emt 00:00:12]}
10. Bxf6 {[%clk 01:32:42]  [%emt 00:00:10]} 10... Bxf6 {[%clk 01:30:37]  [%emt
00:00:26]} 11. c3 {[%clk 01:32:58]  [%emt 00:00:13]} 11... Bg5 {[%clk 01:29:57]
 [%emt 00:01:11]} 12. Nc2 {[%clk 01:33:05]  [%emt 00:00:21]} 12... Rb8 {[%clk
01:29:49]  [%emt 00:00:40]} 13. Be2 {[%clk 01:33:24]  [%emt 00:00:10]} 13...
O-O {[%clk 01:28:37]  [%emt 00:01:43]} 14. O-O {[%clk 01:33:18]  [%emt
00:00:36]} 14... Ne7 {[%clk 01:25:16]  [%emt 00:03:51]} 15. Nce3 {[%clk
01:29:51]  [%emt 00:03:57]} 15... Bxe3 {[%clk 01:23:35]  [%emt 00:02:11]} 16.
fxe3 {[%clk 01:27:30]  [%emt 00:02:51]} 16... Nxd5 {[%clk 01:08:25]  [%emt
00:15:40]} 17. exd5 {[%clk 01:27:08]  [%emt 00:00:52]} 17... f5 {[%clk
01:08:47]  [%emt 00:00:08]} 18. Rf3 {[%clk 01:25:33]  [%emt 00:02:04]} 18...
Qb6 {[%clk 01:04:51]  [%emt 00:04:27]} 19. Kh1 {[%clk 01:24:04]  [%emt
00:01:59]} 19... Bb7 {[%clk 00:57:05]  [%emt 00:08:16]} 20. Qb3 {[%clk
01:19:59]  [%emt 00:04:34]} 20... Qc5 {[%clk 00:50:27]  [%emt 00:07:09]} 21.
Rd1 {[%clk 01:19:22]  [%emt 00:01:07]} 21... Ba8 {[%clk 00:50:21]  [%emt
00:00:35]} 22. a3 {[%clk 01:18:51]  [%emt 00:01:02]} 22... a5 {[%clk 00:47:44] 
[%emt 00:03:07]} 23. Qa2 {[%clk 01:17:14]  [%emt 00:02:07]} 23... b4 {[%clk
00:45:06]  [%emt 00:03:08]} 24. axb4 {[%clk 01:16:19]  [%emt 00:01:25]} 24...
axb4 {[%clk 00:44:55]  [%emt 00:00:41]} 25. c4 {[%clk 01:16:44]  [%emt
00:00:06]} 25... Bb7 {[%clk 00:32:41]  [%emt 00:12:43]} 26. Rdf1 {[%clk
01:13:17]  [%emt 00:03:57]} 26... Ra8 {[%clk 00:28:37]  [%emt 00:04:34]} 27.
Qb3 {[%clk 01:11:40]  [%emt 00:02:07]} 27... Bc8 {[%clk 00:26:46]  [%emt
00:02:20]} 28. Qc2 {[%clk 01:07:23]  [%emt 00:04:47]} 28... Bd7 {[%clk
00:25:09]  [%emt 00:02:08]} 29. b3 {[%clk 01:07:33]  [%emt 00:00:20]} 29... Ra3
{[%clk 00:21:02]  [%emt 00:04:37]} 30. g4 {[%clk 01:04:48]  [%emt 00:03:15]}
30... e4 {[%clk 00:13:43]  [%emt 00:07:49]} 31. Qxe4 {[%clk 01:04:27]  [%emt
00:00:51]} 31... Rxb3 {[%clk 00:11:44]  [%emt 00:02:29]} 32. Qe7 {[%clk
01:02:57]  [%emt 00:02:00]} 32... Bc8 {[%clk 00:08:19]  [%emt 00:03:55]} 33.
gxf5 {[%clk 01:00:04]  [%emt 00:03:23]} 33... Rf7 {[%clk 00:07:44]  [%emt
00:01:05]} 34. Qe8+ {[%clk 00:59:07]  [%emt 00:01:28]} 34... Rf8 {[%clk
00:08:06]  [%emt 00:00:07]} 35. f6 {[%clk 00:59:15]  [%emt 00:00:21]} 35... g6
{[%clk 00:06:13]  [%emt 00:02:23]} 36. f7+ {[%clk 00:58:57]  [%emt 00:00:49]}
36... Kg7 {[%clk 00:06:35]  [%emt 00:00:08]} 37. Qe7 {[%clk 00:57:11]  [%emt
00:02:16]} 37... Bf5 {[%clk 00:01:26]  [%emt 00:05:38]} 38. Rxf5 {[%clk
00:56:06]  [%emt 00:01:35]} 38... gxf5 {[%clk 00:01:42]  [%emt 00:00:15]} 39.
Rg1+ {[%clk 00:56:26]  [%emt 00:00:09]} 39... Kh8 {[%clk 00:01:56]  [%emt
00:00:16]} 40. Qf6# {[%clk 00:56:49]  [%emt 00:00:08]} 1-0

[Event "DEM U12 2023"]
[Site "Willingen GER"]
[Date "2023.05.28"]
[Round "1"]
[White "Lanert, Theodor"]
[Black "Albrecht, Neil"]
[Result "0-1"]
[Termination "normal"]
[Board "11"]
[WhiteElo "1398"]
[BlackElo "1690"]
[WhiteClock "00:32:55"]
[BlackClock "00:22:04"]
[PlyCount "96"]
[WhiteFideId "34605576"]
[BlackFideId "34621091"]
[EventCountry "GER"]
[EventRounds "9"]
[EventType "swiss"]
[EventDate "2023.05.27"]

1. e4 {[%clk 01:30:41]  [%emt 00:00:18]} 1... c5 {[%clk 01:30:45]  [%emt
00:00:15]} 2. Nf3 {[%clk 01:30:52]  [%emt 00:00:19]} 2... a6 {[%clk 01:31:06] 
[%emt 00:00:08]} 3. d4 {[%clk 01:27:36]  [%emt 00:03:48]} 3... cxd4 {[%clk
01:30:41]  [%emt 00:00:54]} 4. Nxd4 {[%clk 01:27:55]  [%emt 00:00:11]} 4... Nf6
{[%clk 01:30:59]  [%emt 00:00:12]} 5. Nc3 {[%clk 01:27:16]  [%emt 00:01:09]}
5... e5 {[%clk 01:30:48]  [%emt 00:00:41]} 6. Nf3 {[%clk 01:20:01]  [%emt
00:07:45]} 6... Bb4 {[%clk 01:28:59]  [%emt 00:02:19]} 7. Bd2 {[%clk 01:18:32] 
[%emt 00:01:59]} 7... O-O {[%clk 01:21:44]  [%emt 00:07:45]} 8. Bd3 {[%clk
01:17:49]  [%emt 00:01:13]} 8... d6 {[%clk 01:19:52]  [%emt 00:02:21]} 9. a3
{[%clk 01:17:01]  [%emt 00:01:19]} 9... Ba5 {[%clk 01:18:45]  [%emt 00:01:37]}
10. h3 {[%clk 01:16:49]  [%emt 00:00:41]} 10... Be6 {[%clk 01:15:10]  [%emt
00:04:06]} 11. O-O {[%clk 01:15:41]  [%emt 00:01:38]} 11... h6 {[%clk 01:08:44]
 [%emt 00:06:56]} 12. Re1 {[%clk 01:05:33]  [%emt 00:10:38]} 12... Nc6 {[%clk
01:05:27]  [%emt 00:03:47]} 13. Ne2 {[%clk 01:02:52]  [%emt 00:03:10]} 13...
Bxd2 {[%clk 00:49:48]  [%emt 00:16:10]} 14. Qxd2 {[%clk 01:02:18]  [%emt
00:01:04]} 14... d5 {[%clk 00:46:53]  [%emt 00:03:25]} 15. Ng3 {[%clk 01:01:55]
 [%emt 00:00:53]} 15... d4 {[%clk 00:45:47]  [%emt 00:01:35]} 16. b4 {[%clk
00:55:58]  [%emt 00:06:27]} 16... Qd6 {[%clk 00:42:48]  [%emt 00:03:26]} 17.
Rad1 {[%clk 00:53:28]  [%emt 00:03:04]} 17... Rfd8 {[%clk 00:41:21]  [%emt
00:01:57]} 18. c3 {[%clk 00:52:19]  [%emt 00:01:38]} 18... Rac8 {[%clk
00:39:10]  [%emt 00:02:41]} 19. c4 {[%clk 00:37:26]  [%emt 00:15:24]} 19... b6
{[%clk 00:35:31]  [%emt 00:04:09]} 20. Rc1 {[%clk 00:36:01]  [%emt 00:01:55]}
20... Ne7 {[%clk 00:34:30]  [%emt 00:01:31]} 21. Rc2 {[%clk 00:35:27]  [%emt
00:01:03]} 21... Nd7 {[%clk 00:30:03]  [%emt 00:04:57]} 22. Rec1 {[%clk
00:32:38]  [%emt 00:03:19]} 22... f6 {[%clk 00:28:25]  [%emt 00:02:09]} 23. Ne2
{[%clk 00:30:01]  [%emt 00:03:07]} 23... Rc6 {[%clk 00:23:04]  [%emt 00:05:50]}
24. Ng3 {[%clk 00:24:49]  [%emt 00:05:42]} 24... Rdc8 {[%clk 00:21:41]  [%emt
00:01:54]} 25. Qe2 {[%clk 00:20:04]  [%emt 00:05:15]} 25... a5 {[%clk 00:19:08]
 [%emt 00:03:03]} 26. Qd2 {[%clk 00:19:52]  [%emt 00:00:42]} 26... Qc7 {[%clk
00:14:36]  [%emt 00:05:02]} 27. b5 {[%clk 00:19:05]  [%emt 00:01:18]} 27... Rd6
{[%clk 00:13:43]  [%emt 00:01:22]} 28. Rb2 {[%clk 00:14:36]  [%emt 00:04:59]}
28... Nc5 {[%clk 00:13:47]  [%emt 00:00:26]} 29. Bf1 {[%emt 00:01:55]} 29...
Ng6 {[%clk 00:12:13]  [%emt 00:01:55]} 30. Ne1 {[%clk 00:12:09]  [%emt
00:01:40]} 30... Nf4 {[%clk 00:10:00]  [%emt 00:02:43]} 31. Nd3 {[%clk
00:09:51]  [%emt 00:02:48]} 31... Nfxd3 {[%clk 00:10:10]  [%emt 00:00:20]} 32.
Bxd3 {[%clk 00:10:16]  [%emt 00:00:06]} 32... Nxd3 {[%clk 00:08:44]  [%emt
00:01:56]} 33. Qxd3 {[%clk 00:10:45]} 33... Bxc4 {[%clk 00:08:01]  [%emt
00:01:14]} 34. Qd2 {[%clk 00:11:06]  [%emt 00:00:08]} 34... Qb7 {[%clk
00:05:09]  [%emt 00:03:22]} 35. Rbc2 {[%clk 00:11:25]  [%emt 00:00:11]} 35...
Be6 {[%clk 00:05:32]  [%emt 00:00:07]} 36. Rxc8+ {[%clk 00:11:22]  [%emt
00:00:33]} 36... Bxc8 {[%clk 00:06:01]} 37. f4 {[%clk 00:11:50]  [%emt
00:00:02]} 37... Be6 {[%clk 00:04:05]  [%emt 00:02:26]} 38. f5 {[%clk 00:10:05]
 [%emt 00:02:16]} 38... Bf7 {[%clk 00:04:07]  [%emt 00:00:27]} 39. Qd3 {[%clk
00:10:18]  [%emt 00:00:16]} 39... Rd7 {[%clk 00:03:39]  [%emt 00:00:58]} 40.
Rc6 {[%clk 00:09:37]  [%emt 00:01:11]} 40... Kh7 {[%clk 00:01:28]  [%emt
00:02:40]} 41. Qc2 {[%clk 00:07:27]  [%emt 00:02:42]} 41... Be8 {[%clk
00:29:07]  [%emt 00:02:50]} 42. a4 {[%clk 00:35:42]  [%emt 00:02:15]} 42... d3
{[%clk 00:24:06]  [%emt 00:05:32]} 43. Qd2 {[%clk 00:35:45]  [%emt 00:00:28]}
43... Rd4 {[%clk 00:24:13]  [%emt 00:00:22]} 44. Re6 {[%clk 00:35:23]  [%emt
00:00:52]} 44... Bf7 {[%clk 00:23:37]  [%emt 00:01:03]} 45. Rc6 {[%clk
00:35:43]  [%emt 00:00:12]} 45... Bb3 {[%clk 00:23:07]  [%emt 00:01:01]} 46.
Rc3 {[%clk 00:34:15]  [%emt 00:01:57]} 46... Bxa4 {[%clk 00:22:39]  [%emt
00:00:58]} 47. Kh1 {[%clk 00:32:55]  [%emt 00:01:50]} 47... Bxb5 {[%clk
00:22:24]  [%emt 00:00:46]} 48. Qd1 {[%clk 00:32:55]  [%emt 00:00:30]} 48... d2
{[%clk 00:22:04]  [%emt 00:00:50]} 0-1

[Event "DEM U12 2023"]
[Site "Willingen GER"]
[Date "2023.05.28"]
[Round "1"]
[White "Vartanian, Roman"]
[Black "Berndt, Ronson"]
[Result "1-0"]
[Termination "normal"]
[Board "12"]
[WhiteElo "1619"]
[BlackElo "1475"]
[WhiteClock "00:29:11"]
[BlackClock "00:22:48"]
[PlyCount "125"]
[WhiteFideId "34140107"]
[BlackFideId "34618694"]
[EventCountry "GER"]
[EventRounds "9"]
[EventType "swiss"]
[EventDate "2023.05.27"]

1. Nf3 {[%clk 01:30:54] [%emt 00:00:05]} 1... d5 {[%clk 01:30:52] [%emt
00:00:09]} 2. d4 {[%clk 01:31:19] [%emt 00:00:05]} 2... Nf6 {[%clk 01:30:50]
[%emt 00:00:31]} 3. e3 {[%clk 01:31:36] [%emt 00:00:13]} 3... Bf5 {[%clk
01:30:34] [%emt 00:00:47]} 4. c4 {[%clk 01:31:52] [%emt 00:00:13]} 4... e6
{[%clk 01:30:40] [%emt 00:00:24]} 5. Nc3 {[%clk 01:31:58] [%emt 00:00:24]} 5...
c6 {[%clk 01:30:46] [%emt 00:00:24]} 6. Be2 {[%clk 01:31:58] [%emt 00:00:31]}
6... Bd6 {[%clk 01:30:42] [%emt 00:00:34]} 7. O-O {[%clk 01:32:02] [%emt
00:00:26]} 7... O-O {[%clk 01:30:36] [%emt 00:00:35]} 8. Qb3 {[%clk 01:31:28]
[%emt 00:01:04]} 8... Qc7 {[%clk 01:28:08] [%emt 00:02:58]} 9. Bd2 {[%clk
01:29:25] [%emt 00:02:33]} 9... Ne4 {[%clk 01:21:45] [%emt 00:06:52]} 10. h3
{[%clk 01:26:31] [%emt 00:03:25]} 10... Nd7 {[%clk 01:15:00] [%emt 00:07:15]}
11. Rac1 {[%clk 01:22:42] [%emt 00:04:19]} 11... Nxd2 {[%clk 01:05:59] [%emt
00:09:31]} 12. Nxd2 {[%clk 01:22:17] [%emt 00:00:56]} 12... Nf6 {[%clk
01:04:24] [%emt 00:02:04]} 13. cxd5 {[%clk 01:22:08] [%emt 00:00:39]} 13...
exd5 {[%clk 01:01:51] [%emt 00:03:03]} 14. Bf3 {[%clk 01:14:24] [%emt
00:08:14]} 14... Qd7 {[%clk 01:00:58] [%emt 00:01:23]} 15. Rfd1 {[%clk
01:11:21] [%emt 00:03:33]} 15... Bxh3 {[%clk 00:47:21] [%emt 00:14:07]} 16.
gxh3 {[%clk 01:05:57] [%emt 00:05:54]} 16... Qxh3 {[%clk 00:46:38] [%emt
00:01:13]} 17. Bg2 {[%clk 01:05:56] [%emt 00:00:31]} 17... Qd7 {[%clk 00:35:21]
[%emt 00:11:48]} 18. Na4 {[%clk 01:04:09] [%emt 00:02:17]} 18... Rfe8 {[%clk
00:31:44] [%emt 00:04:07]} 19. Nc5 {[%clk 01:03:31] [%emt 00:01:07]} 19... Bxc5
{[%clk 00:32:04] [%emt 00:00:10]} 20. Rxc5 {[%clk 01:03:49] [%emt 00:00:13]}
20... Qg4 {[%clk 00:25:32] [%emt 00:07:02]} 21. Rcc1 {[%clk 00:57:01] [%emt
00:07:16]} 21... Rab8 {[%clk 00:22:49] [%emt 00:03:15]} 22. Qd3 {[%clk
00:54:43] [%emt 00:02:47]} 22... Re6 {[%clk 00:21:02] [%emt 00:02:17]} 23. f3
{[%clk 00:50:09] [%emt 00:05:04]} 23... Qg5 {[%clk 00:20:47] [%emt 00:00:45]}
24. Nf1 {[%clk 00:50:06] [%emt 00:00:33]} 24... Nh5 {[%clk 00:20:27] [%emt
00:00:50]} 25. Qd2 {[%clk 00:43:26] [%emt 00:07:09]} 25... Rg6 {[%clk 00:19:27]
[%emt 00:01:31]} 26. Qf2 {[%clk 00:40:40] [%emt 00:03:13]} 26... Nf6 {[%clk
00:18:15] [%emt 00:01:44]} 27. Rc2 {[%clk 00:36:01] [%emt 00:05:10]} 27... h5
{[%clk 00:17:30] [%emt 00:01:14]} 28. Kh2 {[%clk 00:31:25] [%emt 00:05:02]}
28... h4 {[%clk 00:15:33] [%emt 00:02:31]} 29. Bh3 {[%clk 00:29:49] [%emt
00:02:05]} 29... Nh5 {[%clk 00:13:23] [%emt 00:02:41]} 30. f4 {[%clk 00:24:40]
[%emt 00:05:40]} 30... Qf6 {[%clk 00:11:16] [%emt 00:02:37]} 31. Qf3 {[%clk
00:22:21] [%emt 00:02:49]} 31... Ng3 {[%clk 00:09:29] [%emt 00:02:17]} 32. Nxg3
{[%clk 00:20:47] [%emt 00:02:05]} 32... Rxg3 {[%clk 00:09:05] [%emt 00:00:54]}
33. Qf2 {[%clk 00:20:11] [%emt 00:01:02]} 33... Re8 {[%clk 00:07:42] [%emt
00:01:56]} 34. Re2 {[%clk 00:20:19] [%emt 00:00:21]} 34... g5 {[%clk 00:04:26]
[%emt 00:03:46]} 35. Rf1 {[%clk 00:11:31] [%emt 00:09:18]} 35... g4 {[%clk
00:04:01] [%emt 00:00:57]} 36. Bg2 {[%clk 00:11:09] [%emt 00:00:51]} 36... Rf3
{[%clk 00:02:39] [%emt 00:01:52]} 37. Qg1 {[%clk 00:10:36] [%emt 00:01:02]}
37... Rxf1 {[%clk 00:02:08] [%emt 00:01:03]} 38. Bxf1 {[%clk 00:10:31] [%emt
00:00:34]} 38... Qg6 {[%clk 00:01:46] [%emt 00:00:52]} 39. Rg2 {[%clk 00:07:01]
[%emt 00:04:00]} 39... f5 {[%clk 00:01:58] [%emt 00:00:18]} 40. Re2 {[%clk
00:07:03] [%emt 00:00:28]} 40... g3+ {[%clk 00:01:28] [%emt 00:01:01]} 41. Kg2
{[%clk 00:06:25] [%emt 00:01:07]} 41... Qg4 {[%clk 00:01:04] [%emt 00:00:54]}
42. Qh1 {[%clk 00:06:39] [%emt 00:00:16]} 42... Re7 {[%clk 00:00:47] [%emt
00:00:48]} 43. Re1 {[%clk 00:05:07] [%emt 00:02:00]} 43... Rh7 {[%clk 00:30:11]
[%emt 00:01:06]} 44. Qh3 {[%clk 00:35:26] [%emt 00:00:11]} 44... Qg6 {[%clk
00:24:58] [%emt 00:05:44]} 45. Bd3 {[%clk 00:35:21] [%emt 00:00:35]} 45... Rh5
{[%clk 00:24:52] [%emt 00:00:35]} 46. b4 {[%clk 00:34:13] [%emt 00:01:39]}
46... Kf7 {[%clk 00:24:04] [%emt 00:01:18]} 47. b5 {[%clk 00:32:17] [%emt
00:02:26]} 47... Kf6 {[%clk 00:23:34] [%emt 00:01:00]} 48. bxc6 {[%clk
00:32:41] [%emt 00:00:06]} 48... bxc6 {[%clk 00:23:55] [%emt 00:00:09]} 49. Rc1
{[%clk 00:31:06] [%emt 00:02:05]} 49... Qe8 {[%clk 00:24:00] [%emt 00:00:25]}
50. Kf3 {[%clk 00:30:39] [%emt 00:00:54]} 50... Qe6 {[%clk 00:22:48] [%emt
00:01:44]} 51. Qg2 {[%clk 00:29:11] [%emt 00:01:57]} 51... Ke7 52. Qh3 Kd6 53.
Bf1 Qe4+ 54. Ke2 Rh8 55. Bg2 Qe6 56. Qh1 Re8 57. Rc3 Qf6 58. Qc1 Kd7 59. Qb1
Rc8 60. Bh3 Ke6 61. Qb7 Qd8 62. Rxc6+ Rxc6 63. Qxc6+ 1-0

[Event "DEM U12 2023"]
[Site "Willingen GER"]
[Date "2023.05.28"]
[Round "1"]
[White "Wang, Kaiwen"]
[Black "Ratushnyi, Viktor"]
[Result "0-1"]
[Termination "normal"]
[Board "13"]
[WhiteElo "1333"]
[BlackElo "1627"]
[WhiteClock "01:19:31"]
[BlackClock "00:19:36"]
[PlyCount "130"]
[WhiteFideId "16279514"]
[BlackFideId "34167293"]
[EventCountry "GER"]
[EventRounds "9"]
[EventType "swiss"]
[EventDate "2023.05.27"]

1. e4 {[%clk 01:30:57]  [%emt 00:00:02]} 1... e5 {[%clk 01:30:48]  [%emt
00:00:13]} 2. Nf3 {[%clk 01:31:23]  [%emt 00:00:04]} 2... Nc6 {[%clk 01:30:55] 
[%emt 00:00:23]} 3. Nc3 {[%clk 01:31:47]  [%emt 00:00:06]} 3... Nf6 {[%clk
01:30:54]  [%emt 00:00:31]} 4. d4 {[%clk 01:32:12]  [%emt 00:00:05]} 4... exd4
{[%clk 01:31:04]  [%emt 00:00:21]} 5. Nxd4 {[%clk 01:32:32]  [%emt 00:00:10]}
5... Bc5 {[%clk 01:30:37]  [%emt 00:00:55]} 6. Be3 {[%clk 01:32:36]  [%emt
00:00:28]} 6... Bb6 {[%clk 01:30:55]  [%emt 00:00:12]} 7. Qd2 {[%clk 01:32:47] 
[%emt 00:00:18]} 7... O-O {[%clk 01:28:06]  [%emt 00:03:19]} 8. O-O-O {[%clk
01:32:53]  [%emt 00:00:25]} 8... Re8 {[%clk 01:20:34]  [%emt 00:08:03]} 9. f3
{[%clk 01:32:59]  [%emt 00:00:23]} 9... d5 {[%clk 01:19:10]  [%emt 00:01:54]}
10. Nxc6 {[%clk 01:31:37]  [%emt 00:01:52]} 10... bxc6 {[%clk 01:19:06]  [%emt
00:00:34]} 11. Bxb6 {[%clk 01:31:00]  [%emt 00:01:08]} 11... axb6 {[%clk
01:18:44]  [%emt 00:00:52]} 12. a3 {[%clk 01:29:52]  [%emt 00:01:37]} 12... Bb7
{[%clk 01:14:17]  [%emt 00:04:58]} 13. Qf2 {[%clk 01:25:05]  [%emt 00:05:15]}
13... Qe7 {[%clk 01:04:37]  [%emt 00:10:12]} 14. Bd3 {[%clk 01:24:34]  [%emt
00:01:01]} 14... dxe4 {[%clk 00:41:13]  [%emt 00:23:53]} 15. Nxe4 {[%clk
01:24:46]  [%emt 00:00:18]} 15... Qe5 {[%clk 00:38:22]  [%emt 00:03:22]} 16.
Qh4 {[%clk 01:23:15]  [%emt 00:01:57]} 16... Nxe4 {[%clk 00:36:29]  [%emt
00:02:26]} 17. Qxe4 {[%clk 01:23:16]  [%emt 00:00:29]} 17... Qg5+ {[%clk
00:33:42]  [%emt 00:03:17]} 18. f4 {[%clk 01:23:26]  [%emt 00:00:20]} 18...
Rxe4 {[%clk 00:32:36]  [%emt 00:01:37]} 19. fxg5 {[%clk 01:23:46]  [%emt
00:00:09]} 19... Rg4 {[%clk 00:30:33]  [%emt 00:02:33]} 20. Rhg1 {[%clk
01:23:28]  [%emt 00:00:47]} 20... Rxg5 {[%clk 00:30:03]  [%emt 00:00:59]} 21.
Be4 {[%clk 01:23:33]  [%emt 00:00:22]} 21... Re5 {[%clk 00:24:39]  [%emt
00:05:58]} 22. Bf3 {[%clk 01:23:46]  [%emt 00:00:18]} 22... Rae8 {[%clk
00:23:09]  [%emt 00:02:00]} 23. Rd7 {[%clk 01:23:28]  [%emt 00:00:47]} 23...
R5e7 {[%clk 00:21:27]  [%emt 00:02:12]} 24. Rxe7 {[%clk 01:23:17]  [%emt
00:00:41]} 24... Rxe7 {[%clk 00:21:52]  [%emt 00:00:06]} 25. Rd1 {[%clk
01:23:36]  [%emt 00:00:09]} 25... Kf8 {[%clk 00:22:03]  [%emt 00:00:21]} 26.
Rd8+ {[%clk 01:23:54]  [%emt 00:00:11]} 26... Re8 {[%clk 00:22:26]  [%emt
00:00:07]} 27. Rd7 {[%clk 01:24:20]  [%emt 00:00:04]} 27... Rc8 {[%clk
00:21:53]  [%emt 00:01:04]} 28. Kd2 {[%clk 01:21:56]  [%emt 00:02:53]} 28...
Ke8 {[%clk 00:22:05]  [%emt 00:00:19]} 29. Rd3 {[%clk 01:21:37]  [%emt
00:00:39]} 29... Rd8 {[%clk 00:21:11]  [%emt 00:01:34]} 30. Rxd8+ {[%clk
01:21:38]  [%emt 00:00:29]} 30... Kxd8 {[%clk 00:21:40]  [%emt 00:00:01]} 31.
Kd3 {[%clk 01:21:27]  [%emt 00:00:40]} 31... Kd7 {[%clk 00:21:53]  [%emt
00:00:17]} 32. c4 {[%clk 01:19:36]  [%emt 00:02:20]} 32... Ba6 {[%clk 00:18:19]
 [%emt 00:04:05]} 33. Kc3 {[%clk 01:18:19]  [%emt 00:01:47]} 33... c5 {[%clk
00:18:00]  [%emt 00:00:50]} 34. b4 {[%clk 01:17:37]  [%emt 00:01:12]} 34...
cxb4+ {[%clk 00:17:54]  [%emt 00:00:37]} 35. axb4 {[%clk 01:17:33]  [%emt
00:00:34]} 35... c5 {[%clk 00:18:13]  [%emt 00:00:11]} 36. b5 {[%clk 01:17:20] 
[%emt 00:00:42]} 36... Bc8 {[%clk 00:18:38]  [%emt 00:00:06]} 37. Bd5 {[%clk
01:16:49]  [%emt 00:01:00]} 37... f6 {[%clk 00:16:04]  [%emt 00:03:03]} 38. Kd3
{[%clk 01:14:48]  [%emt 00:02:31]} 38... Kd6 {[%clk 00:16:27]  [%emt 00:00:09]}
39. Ke4 {[%clk 01:13:13]  [%emt 00:02:04]} 39... g5 {[%clk 00:13:24]  [%emt
00:03:33]} 40. Bg8 {[%clk 01:11:23]  [%emt 00:02:18]} 40... h6 {[%clk 00:12:19]
 [%emt 00:01:38]} 41. Bh7 {[%clk 01:11:34]  [%emt 00:00:18]} 41... Be6 {[%clk
00:12:37]  [%emt 00:00:12]} 42. Kd3 {[%clk 01:11:57]  [%emt 00:00:07]} 42...
Ke5 {[%clk 00:13:00]  [%emt 00:00:08]} 43. Be4 {[%clk 01:11:48]  [%emt
00:00:38]} 43... Bxc4+ {[%clk 00:11:15]  [%emt 00:02:15]} 44. Kxc4 {[%clk
01:11:55]  [%emt 00:00:23]} 44... Kxe4 {[%clk 00:11:40]  [%emt 00:00:05]} 45.
g4 {[%clk 01:12:12]  [%emt 00:00:14]} 45... Kf4 {[%clk 00:11:54]  [%emt
00:00:15]} 46. Kd5 {[%clk 01:12:35]  [%emt 00:00:07]} 46... Kxg4 {[%clk
00:12:11]  [%emt 00:00:13]} 47. Kc6 {[%clk 01:13:02]  [%emt 00:00:04]} 47... c4
{[%clk 00:12:36]  [%emt 00:00:05]} 48. Kxb6 {[%clk 01:13:24]  [%emt 00:00:07]}
48... c3 {[%clk 00:13:04]  [%emt 00:00:02]} 49. Ka7 {[%clk 01:13:39]  [%emt
00:00:15]} 49... c2 {[%clk 00:13:29]  [%emt 00:00:05]} 50. b6 {[%clk 01:14:06] 
[%emt 00:00:03]} 50... c1=Q {[%clk 00:13:54]  [%emt 00:00:06]} 51. b7 {[%clk
01:14:30]  [%emt 00:00:06]} 51... Qa3+ {[%clk 00:14:15]  [%emt 00:00:08]} 52.
Kb8 {[%clk 01:14:47]  [%emt 00:00:13]} 52... Qb4 {[%clk 00:14:40]  [%emt
00:00:04]} 53. Kc7 {[%clk 01:15:10]  [%emt 00:00:08]} 53... Qxb7+ {[%clk
00:14:53]  [%emt 00:00:18]} 54. Kxb7 {[%clk 01:15:33]  [%emt 00:00:07]} 54...
f5 {[%clk 00:15:19]  [%emt 00:00:03]} 55. Kc6 {[%clk 01:15:54]  [%emt
00:00:09]} 55... f4 {[%clk 00:15:45]  [%emt 00:00:04]} 56. Kd5 {[%clk 01:16:08]
 [%emt 00:00:15]} 56... f3 {[%clk 00:16:11]  [%emt 00:00:05]} 57. h3+ {[%clk
01:16:29]  [%emt 00:00:08]} 57... Kxh3 {[%clk 00:16:37]  [%emt 00:00:05]} 58.
Ke5 {[%clk 01:16:54]  [%emt 00:00:06]} 58... f2 {[%clk 00:16:59]  [%emt
00:00:07]} 59. Kf6 {[%clk 01:17:19]  [%emt 00:00:05]} 59... f1=Q+ {[%clk
00:17:23]  [%emt 00:00:06]} 60. Kg6 {[%clk 01:17:40]  [%emt 00:00:08]} 60... g4
{[%clk 00:17:38]  [%emt 00:00:15]} 61. Kxh6 {[%clk 01:17:50]  [%emt 00:00:20]}
61... g3 {[%clk 00:18:02]  [%emt 00:00:06]} 62. Kh5 {[%clk 01:18:14]  [%emt
00:00:05]} 62... g2 {[%clk 00:18:27]  [%emt 00:00:06]} 63. Kh6 {[%clk 01:18:41]
 [%emt 00:00:03]} 63... g1=Q {[%clk 00:18:49]  [%emt 00:00:08]} 64. Kh5 {[%clk
01:19:07]  [%emt 00:00:04]} 64... Qf5+ {[%clk 00:19:10]  [%emt 00:00:08]} 65.
Kh6 {[%clk 01:19:31]  [%emt 00:00:07]} 65... Qgg6# {[%clk 00:19:36]  [%emt
00:00:05]} 0-1